00698nam a22001817a 450000500170000001000150001702000260003203500140005803700130007208200120008510000220009724500990011926000340021827001400025230000270039250000700041970000270048920180409160707.0 aENG-122487 a9789381951620c795.00 aEN-106019 bDBAD/PUB a250.391 aTater, Sohan Raj  aModern relevance of theravada buddhist ethics /cby Sohan Raj Tater [and] Suresh Kumar Agarwal aJaipurbLiterary Circlec2018 aC-12/13, First Floor, Opp. Khandelwal Girls College, Sansar Chandra Road, bJaipure302001k2376922, 4004330mliterycirclejpr@yahoo.com a230p.bill. c21cm(Hb) aInclude bibliography, ten golden rules of health {and} dedication dAgarwal, Suresh Kumar